| 000 | 00574nam a2200181Ia 4500 | ||
|---|---|---|---|
| 008 | 090123s9999 xx 000 0 und d | ||
| 082 |
_b34338 _a923.254/पिल्लई |
||
| 100 | _aपिल्लई राजमोहन | ||
| 245 | _aहकनाक बळी | ||
| 250 | _a0 | ||
| 260 |
_bचिनार प्रकाशन _c2002 |
||
| 300 | _a171 | ||
| 600 | _aपिल्लई राजमोहन | ||
| 630 | _aहकनाक बळी | ||
| 700 | _aपिल्लई राजमोहन | ||
| 730 | _aहकनाक बळी | ||
| 942 | _cBOOK | ||
| 999 |
_c72385 _d72385 |
||